Super Hits : (Record no. 5010)
[ view plain ]
| 000 -LEADER | |
|---|---|
| fixed length control field | 01858nac a22003371u 4500 |
| 008 - FIXED-LENGTH DATA ELEMENTS--GENERAL INFORMATION | |
| fixed length control field | 100523m19861998nyu|||||s|||| 000 0 eng d |
| 082 ## - DEWEY DECIMAL CLASSIFICATION NUMBER | |
| Classification number | 781.642 |
| Edition number | 22 |
| Item number | CHA |
| 100 ## - MAIN ENTRY--PERSONAL NAME | |
| Personal name | Charles, Ray |
| 9 (RLIN) | 14166 |
| Dates associated with a name | 1930-2004 |
| 245 ## - TITLE STATEMENT | |
| Title | Super Hits : |
| Remainder of title | Ray Charles & Friends |
| Statement of responsibility, etc | Ray Charles |
| 260 ## - PUBLICATION, DISTRIBUTION, ETC. (IMPRINT) | |
| Place of publication, distribution, etc | New York : |
| Name of publisher, distributor, etc | Columbia, 1998 |
| Date of publication, distribution, etc | 1998 |
| 300 ## - PHYSICAL DESCRIPTION | |
| Extent | 1 sound disc : |
| Other physical details | digital, stereo. ; |
| Dimensions | 4 3/4 in. |
| 500 ## - GENERAL NOTE | |
| General note | This Package was previoulsy released as Friendship |
| 500 ## - GENERAL NOTE | |
| General note | Executive producer, Margie Hunt ; produced by Billy Sherrill |
| 505 ## - FORMATTED CONTENTS NOTE | |
| Formatted contents note | Two old cats like us (with Hank Williams, Jr.) -- This old heart (is gonna rise again) (with Oak Ridge Boys) -- We didn't see a thing (with George Jones and featuring Chet Atkins) -- Who cares (with Janie Fricke) -- Rock and roll shoes (with B.J. Thomas) -- Friendship (with Ricky Skaggs) -- It ain't gonna worry my mind (with Mickey Gilley) -- Little hotel room (with Merle Haggard) -- Crazy old soldier (with Johnny Cash) -- Seven Spanish angels (with Willie Nelson). |
| 650 ## - SUBJECT ADDED ENTRY--TOPICAL TERM | |
| Topical term or geographic name as entry element | Popular music |
| 9 (RLIN) | 14182 |
| Chronological subdivision | 1981-1990 |
| 650 ## - SUBJECT ADDED ENTRY--TOPICAL TERM | |
| Topical term or geographic name as entry element | Country music |
| 9 (RLIN) | 14180 |
| Chronological subdivision | 1981-1990 |
| 700 ## - ADDED ENTRY--PERSONAL NAME | |
| 9 (RLIN) | 14186 |
| Personal name | Williams, Hank |
| Dates associated with a name | 1949- |
| 700 ## - ADDED ENTRY--PERSONAL NAME | |
| 9 (RLIN) | 14187 |
| Personal name | Jones, George |
| Dates associated with a name | 1931- |
| 700 ## - ADDED ENTRY--PERSONAL NAME | |
| 9 (RLIN) | 14188 |
| Personal name | Atkins, Chet |
| Dates associated with a name | 1931- |
| 700 ## - ADDED ENTRY--PERSONAL NAME | |
| 9 (RLIN) | 14189 |
| Personal name | Fricke, Janie |
| Dates associated with a name | 1931- |
| 700 ## - ADDED ENTRY--PERSONAL NAME | |
| 9 (RLIN) | 14190 |
| Personal name | Thomas, B. J. |
| Dates associated with a name | 1931- |
| 700 ## - ADDED ENTRY--PERSONAL NAME | |
| 9 (RLIN) | 14191 |
| Personal name | Skaggs, Ricky |
| Dates associated with a name | 1931- |
| 700 ## - ADDED ENTRY--PERSONAL NAME | |
| 9 (RLIN) | 14192 |
| Personal name | Gilley, Mickey |
| Dates associated with a name | 1931- |
| 700 ## - ADDED ENTRY--PERSONAL NAME | |
| 9 (RLIN) | 14194 |
| Personal name | Haggard, Merle |
| Dates associated with a name | 1931- |
| 700 ## - ADDED ENTRY--PERSONAL NAME | |
| 9 (RLIN) | 14196 |
| Personal name | Cash, Johnny |
| Dates associated with a name | 1931- |
| 700 ## - ADDED ENTRY--PERSONAL NAME | |
| 9 (RLIN) | 14198 |
| Personal name | Nelson, Willie |
| Dates associated with a name | 1933- |
| 700 ## - ADDED ENTRY--PERSONAL NAME | |
| 9 (RLIN) | 14196 |
| Personal name | Cash, Johnny |
| Dates associated with a name | 1931- |
| 700 ## - ADDED ENTRY--PERSONAL NAME | |
| 9 (RLIN) | 14199 |
| Personal name | Oak Ridge Boys (Musical group) |
| Dates associated with a name | 1931- |
| 942 ## - ADDED ENTRY ELEMENTS (KOHA) | |
| Item type | |
| Call number prefix | 781.642 CHA |
| Source of classification or shelving scheme | Dewey Decimal Classification |
| Withdrawn status | Lost status | Source of classification or shelving scheme | Damaged status | Not for loan | Location (home branch) | Sublocation or collection (holding branch) | Shelving location | Date acquired | Koha issues (times borrowed) | Koha full call number | Piece designation (barcode) | Koha date last seen | Price effective from | Koha item type |
|---|---|---|---|---|---|---|---|---|---|---|---|---|---|---|
| Dewey Decimal Classification | Central Library | Central Library | Second Floor | 07/10/2008 | 781.642 CHA | 000006106 | 24/08/2022 | 08/10/2007 | CD | DVD - Sound (NB) |